| 000 | 01053nam a22002057a 4500 | ||
|---|---|---|---|
| 005 | 20241213141113.0 | ||
| 010 | _aHIN-128629 | ||
| 020 |
_c395.00 _a9788195190430 |
||
| 035 | _aHN-100975 | ||
| 037 | _bDBAD | ||
| 082 |
_a808.88 _2प्रथम |
||
| 100 |
_aमिश्र स्मिता _975156 |
||
| 245 |
_aसुरभित स्मृतियाँ: _bरामदरश मिश्र के संस्मरण/ _cस्मृति मिश्र द्वारा संपादित |
||
| 250 | _aप्रथम | ||
| 260 |
_bहंस प्रकाशन _c2021 _aनई दिल्ली |
||
| 270 |
_bनई दिल्ली _aबी-336/1, गली नंबर. 3, दूसरा पुस्ता, सोनिया विहार, नई दिल्ली _e110094 _k9868561340 _k7217610640 _mhansprakashan88@gmail.com |
||
| 300 |
_a 123 पृ. _c23से.मी (सजिल्द) |
||
| 700 |
_aमिश्र, स्मिता _975157 |
||
| 942 |
_2ddc _cHN _h808.88 _mमिश्र |
||
| 999 |
_c206429 _d206429 |
||